Top 100 Indianapolis Colts of All Time - Statistics

General Stats
  • This quiz has been taken 58 times
  • The average score is 26 of 100
Answer Stats
Position Player % Correct
QB Peyton Manning
98%
QB Johnny Unitas
94%
WR Marvin Harrison
92%
QB Andrew Luck
90%
WR Reggie Wayne
86%
RB Edgerrin James
78%
C Jeff Saturday
76%
K Adam Vinatieri
69%
WR T.Y. Hilton
69%
DE Dwight Freeney
67%
DT Billy Ray Smith
65%
DE Bubba Smith
65%
TE Dallas Clark
63%
DE/LB Robert Mathis
63%
S Bob Sanders
57%
S Andy Nelson
55%
QB Jim Harbaugh
53%
P Pat McAfee
53%
RB Eric Dickerson
51%
QB Bert Jones
49%
RB Joseph Addai
49%
RB Marshall Faulk
49%
TE John Mackey
47%
DT Ellis Johnson
45%
RB/WR Lenny Moore
45%
WR Raymond Berry
41%
DE Gino Marchetti
33%
CB Milt Davis
33%
CB Vontae Davis
33%
QB Earl Morrall
31%
OT/OG Jim Parker
29%
S Antoine Bethea
27%
LB Gary Brackett
27%
LT Tarik Glenn
27%
DT Art Donovan
24%
LB Stan White
24%
LB Ted Hendricks
24%
RT Ryan Diem
22%
RB Alan Ameche
20%
WR Bill Brooks
20%
RB Dominic Rhodes
20%
RB Lydell Mitchell
20%
WR Willie Anderson
18%
LT Anthony Castonzo
16%
OT Chris Hinton
16%
TE Marcus Pollard
16%
LB Mike Curtis
16%
C Ray Donaldson
16%
DT Gene Lipscomb
14%
WR Jimmy Orr
14%
P Rohn Stark
14%
RB Tom Matte
14%
DE Tony Bennett
14%
CB Bobby Boyd
12%
LB Duane Bickett
12%
DT Fred Miller
12%
S Mike Adams
12%
DE Raheem Brock
12%
WR Roger Carr
12%
DE Chad Bratzke
10%
ST Clarence Verdin
10%
TE Ken Dilger
10%
S Rick Volk
10%
RB Curtis Dickey
8%
CB Eugene Daniel
8%
LB Jeff Herrod
8%
LG Art Spinney
6%
DB/ST Bert Rechichar
6%
C Bill Curry
6%
LT Bob Vogel
6%
P Chris Gardoki
6%
P David Lee
6%
DE Donnell Thompson
6%
DE Fred Cook
6%
RT George Kunz
6%
S Jason Belser
6%
RB Joe Washington
6%
KR/CB Lenny Lyles
6%
DT Mike Barnes
6%
RB Randy McMillan
6%
RG Ron Solt
6%
OG Alex Sandusky
4%
LB Barry Krauss
4%
LB Bill Pellington
4%
S/PR Bruce Laird
4%
OL Dan Sullivan
4%
C/LB Dick Szymanski
4%
DE Don Joyce
4%
RB Don McCauley
4%
LB Don Shinnick
4%
OT George Preas
4%
LG Glenn Ressler
4%
S Jerry Logan
4%
TE Jim Mutscheller
4%
DE John Dutton
4%
DE Jon Hand
4%
C Ken Mendenhall
4%
DE Ordell Braase
4%
LG Robert Pratt
4%
LT Will Wolford
4%
No matching quizzes found
Score Distribution
Percent of People with Each Score
Percentile by Number Answered
Your Score History
You have not taken this quiz